00406pab a2200133 454500008004000000100001700040245010200057260000900159300001400168362001200182650002100194700002400215773003300239180718b2005 xxu||||| |||| 00| 0 eng d aGazley, Beth aVolunteer involvement in local government after September 11: the continuing question of capacity c2005 ap.131-42. aMar-Apr aLocal government aBrudney, Jeffrey L. aPublic Administration Review